00523nam a2200193 a 4500001001300000003000900013005001700022008004100039020002300080082001500103100003000118245002200148260005000170300000900220500003500229505002200264650001300286700003000299nice12345678IN_TiNIC20260116013717.0050524s1995 hyda grp 000 0 eng  a8190055 c40000a294.5bRAO aRao, Kandarpa Ramachandra aIntegral Humanism aHyderabadbAcademy of Integral Humanismc1995 a404p aincludes index and biblioraphy2 aAppendices, Index aHinduism1 aRao, Kandarpa Ramachandra